लघु सिद्धान्त कौमुदी : (Record no. 303258)
[ view plain ]
| 000 -LEADER | |
|---|---|
| fixed length control field | 00905nam a2200229Ia 4500 |
| 003 - CONTROL NUMBER IDENTIFIER | |
| control field | OSt |
| 005 - DATE AND TIME OF LATEST TRANSACTION | |
| control field | 20251212145744.0 |
| 008 - FIXED-LENGTH DATA ELEMENTS--GENERAL INFORMATION | |
| fixed length control field | 220922b |||||||| |||| 00| 0 hin d |
| 037 ## - SOURCE OF ACQUISITION | |
| Terms of availability | TB |
| 040 ## - CATALOGING SOURCE | |
| Original cataloging agency | ARTS |
| Transcribing agency | ARTS |
| Language of cataloging | hin |
| 041 ## - LANGUAGE CODE | |
| Source of code | hin |
| Language code of text/sound track or separate title | hin |
| 084 ## - COLON CLASSIFICATION NUMBER | |
| Classification number | P15,Cx1,1,6 152L1;M3(TB) |
| Assigning agency | AL |
| 100 ## - MAIN ENTRY--PERSONAL NAME | |
| Personal name | शास्त्री, भीमसेन |
| 9 (RLIN) | 856350 |
| 245 #0 - TITLE STATEMENT | |
| Title | लघु सिद्धान्त कौमुदी : |
| Remainder of title | भैमीव्याखया |
| 246 ## - VARYING FORM OF TITLE | |
| Title proper/short title | Laghu siddhānta kaumudī: bhaimīvyākhayā |
| 260 ## - PUBLICATION, DISTRIBUTION, ETC. | |
| Place of publication, distribution, etc. | दिल्ली: |
| Name of publisher, distributor, etc. | भैमी प्रकाशन, |
| Date of publication, distribution, etc. | 1983. |
| 300 ## - PHYSICAL DESCRIPTION | |
| Extent | 602पृ. |
| Dimensions | cm. |
| 650 ## - SUBJECT ADDED ENTRY--TOPICAL TERM | |
| Topical term or geographic name entry element | संस्कृत साहित्य |
| 9 (RLIN) | 856351 |
| 650 ## - SUBJECT ADDED ENTRY--TOPICAL TERM | |
| Topical term or geographic name entry element | हिन्दी भाषा |
| 9 (RLIN) | 856352 |
| 942 ## - ADDED ENTRY ELEMENTS (KOHA) | |
| Classification part | P15,Cx1,1,6 152L1;M3 |
| Koha item type | Textbook |
| Source of classification or shelving scheme | Colon Classification (CC) |
| Suppress in OPAC | No |
| Withdrawn status | Lost status | Source of classification or shelving scheme | Damaged status | Not for loan | Home library | Current library | Date acquired | Total Checkouts | Full call number | Barcode | Date last seen | Price effective from | Koha item type |
|---|---|---|---|---|---|---|---|---|---|---|---|---|---|
| Colon Classification (CC) | Arts Library | Arts Library | 2022-09-23 | P15,Cx1,1,6 152L1;M3 | AL0899353 | 2022-09-23 | 2022-09-23 | Textbook |
